00521 a2200181 4500001000700000040002200007041001600029082001900045100002600064245002200090260003000112362001300142500003700155697002400192942000700216952009700223999001900320140726 cLeonardo Da Vinci aPortuguês aI B668tbB668t aBOILOT, Bénédicte aTato quer brincar bImpalac1997aSão Paulo a19970000 aMaria Luisa Lima (Adaptação) aLiteratura infantil cBK 00104070a71.1b71.1d2024-03-27l0oI B668tpO003816r2024-03-27 22:45:33w2024-03-27yBK c140726d140726